LEADER 01590nam 2200541 a 450 001 9910453812403321 005 20200520144314.0 010 $a1-62257-083-9 035 $a(CKB)2550000001043233 035 $a(EBL)3021303 035 $a(SSID)ssj0000883488 035 $a(PQKBManifestationID)12399401 035 $a(PQKBTitleCode)TC0000883488 035 $a(PQKBWorkID)10924198 035 $a(PQKB)10566576 035 $a(MiAaPQ)EBC3021303 035 $a(Au-PeEL)EBL3021303 035 $a(CaPaEBR)ebr10682961 035 $a(OCoLC)839304824 035 $a(EXLCZ)992550000001043233 100 $a20110314d2011 uy 0 101 0 $aeng 135 $aur|n|---||||| 181 $ctxt 182 $cc 183 $acr 200 00$aThalamus$b[electronic resource] $eanatomy, functions and disorders /$fJustin L. Song, editor 210 $aNew York $cNova Science Publishers, Inc.$dc2011 215 $a1 online resource (152 p.) 225 1 $aNeuroscience research progress 225 1 $aHuman anatomy and physiology 300 $a"Nova biomedical." 311 $a1-61324-152-6 320 $aIncludes bibliographical references and index. 410 0$aNeuroscience research progress series. 410 0$aHuman anatomy and physiology series. 606 $aThalamus 608 $aElectronic books. 615 0$aThalamus. 676 $a611/.81 701 $aSong$b Justin L$0985965 801 0$bMiAaPQ 801 1$bMiAaPQ 801 2$bMiAaPQ 906 $aBOOK 912 $a9910453812403321 996 $aThalamus$92253563 997 $aUNINA LEADER 01478nam 2200373Ia 450 001 996387852503316 005 20221108044450.0 035 $a(CKB)1000000000633449 035 $a(EEBO)2240953184 035 $a(OCoLC)12775574 035 $a(EXLCZ)991000000000633449 100 $a19851108d1672 uy 1 101 0 $alat 135 $aurbn||||a|bb| 200 10$aBrevissima institutio, seu Ratio grammatices cognoscendæ$b[electronic resource] $ead omnium puerorum utilitatem præscripta : quam solam regia majestas in omnibus scholis docendam præcipit : additis subinde observationibus utilissimis, ex Despauterio, Alvari, Sanctio, Vossio, Busbeio & quotquot nuper scripsere grammaticis Latinis .. 210 $aOxonii $cE. Theatro Sheldoniano$dMDCLXXII [1672] 215 $a[2], 206 p., 1 leaf of plates 300 $aAttributed to William Lily. 300 $aFragment: title page and verso only. 300 $aReproduction of original in the British Library. 330 $aeebo-0014 606 $aLatin language$xGrammar$vEarly works to 1800 606 $aLatin language$xStudy and teaching 615 0$aLatin language$xGrammar 615 0$aLatin language$xStudy and teaching. 700 $aLily$b William$f1468?-1522.$0841046 801 0$bEAF 801 1$bEAF 801 2$bUMI 801 2$bWaOLN 906 $aBOOK 912 $a996387852503316 996 $aBrevissima institutio, seu Ratio grammatices cognoscendæ$92378154 997 $aUNISA